| 000 | 01767cam a2200385 a 4500 | ||
|---|---|---|---|
| 999 |
_c173044 _d173044 |
||
| 001 | 14854836 | ||
| 003 | Nust | ||
| 005 | 20180712114200.0 | ||
| 008 | 070518r20072005nyua 000 1 eng | ||
| 010 | _a 2007020901 | ||
| 020 |
_a978-0312949228 _cRs. 340 |
||
| 020 | _a0312949227 | ||
| 035 | _a(OCoLC)ocn132681507 | ||
| 035 |
_a(OCoLC)132681507 _z(OCoLC)74670652 |
||
| 038 | _aArshad | ||
| 040 |
_aDLC _cDLC _dDLC |
||
| 050 | 0 | 0 |
_aPR6051.R285 _bC38 2007 |
| 082 | 0 | 0 |
_a823.914 _bARC |
| 100 | 1 |
_aArcher, Jeffrey, _d1940- _911436 |
|
| 245 | 1 | 0 |
_aCat o'nine tales and other stories / _cJeffrey Archer ; drawings by Ronald Searle. |
| 250 | _a1st U.S. ed. | ||
| 260 |
_aNew York : _bSt. Martin's Press, _c2007. |
||
| 300 |
_aix, 254 p. : _bill. ; _c25 cm. |
||
| 500 | _a"First published in Great Britain by Macmillan, an imprint of Pan Macmillan Ltd."--T.p. verso. | ||
| 505 | 0 | _aThe man who robbed his own post office -- Maestro -- Don't drink the water -- It can't be October already -- The red king -- The wisdom of Solomon -- Know what I mean? -- Charity begins at home -- The alibi -- A Greek tragedy -- The Commissioner -- In the eye of the beholder. | |
| 650 | 0 |
_aFraud _vFiction. _911609 |
|
| 655 | 0 |
_aShort stories. _97735 |
|
| 655 | 7 |
_aShort stories. _2gsafd _97735 |
|
| 856 | 4 | 1 |
_3Table of contents only _uhttp://www.loc.gov/catdir/toc/ecip0718/2007020901.html |
| 856 | 4 | 2 |
_3Contributor biographical information _uhttp://www.loc.gov/catdir/enhancements/fy0837/2007020901-b.html |
| 856 | 4 | 2 |
_3Publisher description _uhttp://www.loc.gov/catdir/enhancements/fy0837/2007020901-d.html |
| 906 |
_a7 _bcbc _corignew _d1 _eecip _f20 _gy-gencatlg |
||
| 942 |
_2ddc _cBK |
||